Στοιχεία δικαίου των διεθνών συναλλαγών και των διεθνών οικονομικών οργανώσεων = Elements de droit des transactions internationales et des organisations economiques internationales

Αποθηκεύτηκε σε:
Λεπτομέρειες βιβλιογραφικής εγγραφής
Κύριος συγγραφέας: Ευρυγένης, Δημήτριος Ι.
Μορφή: Βιβλίο
Γλώσσα:Greek
Δημοσίευση: Θεσσαλονίκη : [Σάκκουλα, Αφοί], 1976
Σειρά:Μελέτες δικαίου των διεθνών συναλλαγών ; ; 8
Θέματα:
Ετικέτες: Προσθήκη ετικέτας
Δεν υπάρχουν, Καταχωρήστε ετικέτα πρώτοι!

MARC

LEADER 00000cam a2200000 i 4500
001 1/35237
008 061007s1976 gre d
035 |l 10085465 
040 |a GR-MY-UA  |b gre  |e aacr 
041 0 |a gre 
082 0 |a 340.9  |2 (22) 
100 1 |a Ευρυγένης, Δημήτριος Ι. 
245 1 0 |a Στοιχεία δικαίου των διεθνών συναλλαγών και των διεθνών οικονομικών οργανώσεων =  |b Elements de droit des transactions internationales et des organisations economiques internationales /  |c Δημητρίου Ι. Ευρυγένη 
260 |a Θεσσαλονίκη :   |b [Σάκκουλα, Αφοί],   |c 1976 
300 |a 218 σ.  |e 23 εκ. 
490 1 |a Μελέτες δικαίου των διεθνών συναλλαγών  |v ; 8 
500 |a Σημειώσεις θεωρητικής ύλης και φροντιστηριακό υλικό 
504 |a Περιλαμβάνει βιβλιογραφία 
650 0 0 |a Conflict of laws. 
650 0 0 |a International economic relations. 
650 0 0 |a International business enterprises. 
830 0 |a Μελέτες δικαίου των διεθνών συναλλαγών ;  |v ; 8 
852 |a INST  |b CHIOS  |e 20061007  |h 340.9 ΕΥΡ  |p 005200027073  |q 005200027073  |t BK  |y 0 
901 |a BIBL2-2006-3 
909 |a Χ  |b 120224 
970 |a ΒΑΣΙΛΑΚΗ  |b ΝΙΚΗ  |z 2006/10/07